000 01272cam a22003377a 4500
003 CHAP
005 20220329143249.0
008 071107d2007 mx r 00110 spa d
010 _a94142
011 _a95114
035 _a105721
040 _cCHAP
090 _aTesis
100 1 _aAguirre Jiménez, Adriana.
_93003
245 1 0 _aFertilización edáfica con nitrógeno y fósforo en calabaza pipiana (Cucurbita argyrosperma Huber.)
_c/ por Adriana Aguirre Jiménez
260 _aCocula, Gro. :
_bEl autor,
_c1997
300 _a61 h. :
_bilus. ; gráfs. ; cuadros
502 _aTesis (Ing. Agr. Fitotecnista) -- Colegio Superior Agropecuario del Estado de Guerrero. Centro de Estudios Profesionales
590 _aALEPH
_b10
_c20130110
_lUCH01
_h1520
590 _aBATCH-UPD
_b10
_c20130110
_lUCH01
_h0433
590 _aBATCH-UPD
_b10
_c20130410
_lUCH01
_h0109
590 _aBATCH-UPD
_b10
_c20130913
_lUCH01
_h2317
590 _aCONVERSION
_b10
_c20130109
_lUCH01
_h1352
650 1 4 _aCalabaza
_xRendimiento.
_917294
650 1 4 _aFertilizantes
_xEfecto en calabaza.
_940485
650 1 4 _aNitrógeno
_xEfecto en calabaza.
_981415
901 _aBK
905 _aElisama A. H.
942 _cTESIS
949 _aTesis
_bBC
_cTES
_d33724002034983
_eTS1
_gDonaciØn
_h47205
_i105721
_sb
999 _c94142
_d94142